Statistics for The DJ Is Crying For Help By AJR Lyrics Quiz

Click here to take the quiz!

General Stats

  • This quiz has been taken 105 times
  • The average score is 298 of 381

Answer Stats

Answer% Correct
I
100%
The
100%
A
97%
For
95%
DJ
92%
Help
92%
Crying
91%
I'm
91%
Is
91%
To
91%
All
89%
But
89%
Me
89%
Me,
89%
No
89%
You
89%
At
86%
Like
85%
Not
85%
They
85%
Do
83%
Used
83%
What
83%
Your
83%
Everyone's
82%
Get
82%
My
82%
Up,
82%
Up
82%
Can
80%
Don't
80%
Laughing
80%
Know
79%
Now
79%
Now,
79%
With
79%
High
77%
Life
77%
Myself
77%
Around
76%
Getting
76%
Spinning
76%
Got
74%
Grown
74%
It
74%
Start
74%
Trying
74%
Trying,
74%
As
73%
Could
73%
Oh,
73%
Tell
73%
We
73%
Except
71%
Friday
71%
Hell
71%
Hired?
71%
Hired
71%
Hired,
71%
Hold
70%
Skills
70%
Were
70%
Couldn't
68%
Fun
68%
Good
68%
Hey,
68%
Hey
68%
You're
68%
If
67%
Applying
65%
Older
65%
Seventeen
65%
Thanks
65%
Wasted
65%
And
64%
'Cause
64%
Thirty-Five
64%
Anything
62%
Else
62%
Pills
62%
Prescribed
62%
Yeah,
62%
Bills
61%
Did
61%
Dying
61%
Little
61%
There's
61%
Way
61%
Be
59%
Their
59%
You've
59%
Alone
58%
Too
58%
Fucked
56%
On
56%
Room's
56%
Stacking
56%
Tripping
56%
They're
55%
Wait
55%
Life's
53%
Beat
52%
Drop
52%
Waiting
52%
Out
50%
Kind
48%
Party
48%
Starts
44%
'Til
41%

Score Distribution

Percentile by Number Answered

Percent of People with Each Score

Your Score History

You have not taken this quiz